000 00437nam a2200145 i 4500
001 133467
003 ES-MaACL
007 t|
008 070814m19371939it ||||1| ita d
245 0 0 _aStudi di storia e diritto in onore di Enrico Besta per il XL anno del suo insegnamento.
260 _aMilano :
_bA. Giuffré,
_c1937-1939.
300 _a4 v. ;
_c25 cm.
700 1 _aBesta, Enrico.
_928614
852 _aES-MaACL
_jB-7455-8
_bR.27180
999 _c133467
_d133467